00542nam a2200181 a 450000100100000000500170001000800410002702000150006804000250008308200140010810000280012224500720015026000350022230000210025749000100027850000620028883000100035000002242920240322191157.0101011s2006 dr 000 0 spa d a9945431013 aDO-SdBNPbspacBNPHU axxxbE77d1 aEspinal, Rosariod1955-10aDemocracia epiléptica en la sociedad del clic /cRosario Espinal. aSanto Domingo :bTaina,c2006. a296 p. ;c24 cm.1 aClave aIncluye datos biográficos del autor en la contraportada 0aClave